<?xml version="1.0" encoding="UTF-8"?>
<record
    xmlns:xsi="http://www.w3.org/2001/XMLSchema-instance"
    xsi:schemaLocation="http://www.loc.gov/MARC21/slim http://www.loc.gov/standards/marcxml/schema/MARC21slim.xsd"
    xmlns="http://www.loc.gov/MARC21/slim">

  <leader>00986nam a22002057a 4500</leader>
  <datafield tag="952" ind1=" " ind2=" ">
    <subfield code="0">0</subfield>
    <subfield code="1">0</subfield>
    <subfield code="2">lcc</subfield>
    <subfield code="4">0</subfield>
    <subfield code="7">0</subfield>
    <subfield code="a">08</subfield>
    <subfield code="b">08</subfield>
    <subfield code="d">2017-06-17</subfield>
    <subfield code="l">3</subfield>
    <subfield code="o">H61 SA232</subfield>
    <subfield code="p">08 006388</subfield>
    <subfield code="r">2018-03-07</subfield>
    <subfield code="s">2018-03-07</subfield>
    <subfield code="t">1</subfield>
    <subfield code="w">2017-10-13</subfield>
    <subfield code="y">LB</subfield>
  </datafield>
  <datafield tag="952" ind1=" " ind2=" ">
    <subfield code="0">0</subfield>
    <subfield code="1">0</subfield>
    <subfield code="2">lcc</subfield>
    <subfield code="4">0</subfield>
    <subfield code="7">0</subfield>
    <subfield code="a">08</subfield>
    <subfield code="b">08</subfield>
    <subfield code="d">2017-06-17</subfield>
    <subfield code="l">0</subfield>
    <subfield code="o">H61 SA232</subfield>
    <subfield code="p">08 006389</subfield>
    <subfield code="r">2017-10-13</subfield>
    <subfield code="t">2</subfield>
    <subfield code="w">2017-10-13</subfield>
    <subfield code="y">LB</subfield>
  </datafield>
  <datafield tag="999" ind1=" " ind2=" ">
    <subfield code="c">102566</subfield>
    <subfield code="d">102566</subfield>
  </datafield>
  <controlfield tag="008">171013r2013    mx ||||| |||| 00| 0 spa d</controlfield>
  <datafield tag="020" ind1=" " ind2=" ">
    <subfield code="a">9788420675848</subfield>
  </datafield>
  <datafield tag="050" ind1="0" ind2="4">
    <subfield code="a">H61</subfield>
    <subfield code="b">SA232 2013</subfield>
  </datafield>
  <datafield tag="100" ind1="1" ind2="0">
    <subfield code="a">Santana Leitner, Andr&#xE9;s</subfield>
    <subfield code="e">autor</subfield>
  </datafield>
  <datafield tag="245" ind1="1" ind2="3">
    <subfield code="a">Fundamentos para la investigaci&#xF3;n social</subfield>
    <subfield code="c"> / Andr&#xE9;s Santana Leitner </subfield>
  </datafield>
  <datafield tag="260" ind1=" " ind2=" ">
    <subfield code="a">M&#xE9;xico</subfield>
    <subfield code="b">: Alianza</subfield>
    <subfield code="c">, 2013</subfield>
  </datafield>
  <datafield tag="300" ind1=" " ind2=" ">
    <subfield code="a">215 p&#xE1;ginas</subfield>
  </datafield>
  <datafield tag="500" ind1=" " ind2=" ">
    <subfield code="a">Incluye &#xED;ndice de tablas (pp. 193-194)
Incluye &#xED;ndice de ilustraciones (pp.195-196)
Incluye glosario (197-201)
</subfield>
  </datafield>
  <datafield tag="504" ind1=" " ind2=" ">
    <subfield code="a">Bibliograf&#xED;a (pp. 203-215)</subfield>
  </datafield>
  <datafield tag="505" ind1=" " ind2=" ">
    <subfield code="a">La pregunta de investigaci&#xF3;n
La revisi&#xF3;n de la literatura
Las hip&#xF3;tesis
El dise&#xF1;o emp&#xED;rico
Consejos finales
Ejercicios
Soluciones</subfield>
  </datafield>
  <datafield tag="519" ind1=" " ind2=" ">
    <subfield code="a">Plan Flexible /</subfield>
    <subfield code="b">Psicolog&#xED;a /</subfield>
    <subfield code="c">Metodolog&#xED;a de la investigaci&#xF3;n (M01-2) /</subfield>
    <subfield code="d">(08 006388, 08 006389)</subfield>
  </datafield>
  <datafield tag="650" ind1="1" ind2="0">
    <subfield code="a">METODOLOG&#xCD;A DE LA INVESTIGACI&#xD3;N</subfield>
  </datafield>
  <datafield tag="942" ind1=" " ind2=" ">
    <subfield code="2">lcc</subfield>
    <subfield code="c">LB</subfield>
  </datafield>
</record>
